Область Войска Донского. Проект римско-католической церкви в гор. Ростове-на-Дону

RUSMARC
00005030cfm2a2200000#x 450
001dc63204e-cf84-4fb2-b9e3-dfeff576150e
00520250926134218.0
100##$a20131004l17861917k y0rusy0189 ca
1010#$arus
102##$aRU
2250#$aФонд Техническо-строительный комитет МВД
$hОпись № 166
324##$aГрафика
801#0$aRU
$bРГИА
$c20131004
801#1$aRU
$bГлавНИВЦ
$c20131004
$2rusmarc
801#2$aRU
$bПБ им. Б.Н. Ельцина
$c20131004
$gRCR
$2rusmarc
850##$aФедеральное казенное учреждение "Российский государственный исторический архив"
852##$aРГИА
$j18
937##$aASBIBLIO_SCAN
$bРГИА_1293:_166:Обл.Войска Донского_18:
$d5523544
$hРГИА
2001#$aОбласть Войска Донского. Проект римско-католической церкви в гор. Ростове-на-Дону
$eбез даты
$j[1786-1917]
215##$a2 листа
035##$adc63204e-cf84-4fb2-b9e3-dfeff576150e
461#0$1001597a3917-b61a-443f-a337-cac2b95e7413
$12001
$aТехническо-строительный комитет МВД
$1251
$cФонд
$1852
$j1293
462#0$100148da3860-b898-4404-9dba-2fe58849e500
$12001
$a1786-1917 гг.
$vД. 18
$1251
$cОпись
$1852
$j166
120##$abay
121##$aa aaaa a
1222#$ad1786######
$ad1917######
1230#$aa
124##$aa
$bj
206##$bМасштаб не определен
251##$cДело
300##$aБумага. Тушь, карандаш, акварель
607##$2prlib_sh
$3LIBNET\UAF\0000113610
$aРостов-на-Дону, город
$xПланировка и строительство
$z19 - нач. 20 вв.
$jДокументы и материалы
6061#$2nlr_sh
$3RU\NLR\AUTH\661411654
$aЦерковные здания
$xРазмещение в плане города
$jДокументы и материалы
605##$2acquisition_Prlib
$3LIBNET\UAF\0000115141
$aРостов-на-Дону
$lколлекция
686##$2rubbk
$a63.3(28-8Обл)5я64
$vLBC/M
Формат отображения